Score 0/12 Timer 04:00
1 Play Today
% Correct
The West Wing
90%
I, Tonya
76%
Mom
73%
Bad Education
67%
The Help
64%
Juno
63%
F is for Family
62%
The Adventures of Mr Clown
57%
American Beauty
54%
The Hours
53%
Masters of Sex
47%
Hairspray
46%
Remove Ads.
Support Sporcle.
Get the best of Sporcle when you Go Orange. This ad-free experience offers more features, more stats, and more fun while also helping to support Sporcle. Thank you for becoming a member.

You're not logged in!

Compare scores with friends on all Sporcle quizzes.
OR
Log In

Sporcle TV

Today on Sporcle TV


Watch our educational content, quiz creation guides, and fun videos on Sporcle TV.

Show Comments

Extras

Top Quizzes Today


Score Distribution

Paid Content

Your Account Isn't Verified!

In order to create a playlist on Sporcle, you need to verify the email address you used during registration. Go to your Sporcle Settings to finish the process.

Report this User

Report this user for behavior that violates our Community Guidelines.

Details: